000 00618nam a2200229Ia 4500
003 OSt
005 20220918211640.0
006 a|||||r|||| 00| 0
007 ta
008 220917b |||||||| |||| 00| 0 eng d
024 _a125,108
037 _cTextual
040 _aARTS
_cARTS
_beng
041 _2eng
_aeng
082 _aW.M, K2;1 (EV)
100 _aBrown Bernard E
245 0 _aNew directions in comparative politics
260 _aBombay
_bAsia Publishing House
_c1962
650 _aPOLITICAL SCIENCE
942 _hW.M, K2;1 (EV)
_cTEXL
_2CC
999 _c248293
_d248293